000 00911nam a22002297a 4500
999 _c20056
_d20056
003 AR-CdUCM
008 190525b ||||| |||| 00| 0 spa d
040 _aMUNICIPALIDAD PROVINCIAL DEL CUSCO
_cBIBLIOTECA MUNICIPAL DEL CUSCO
082 _a634.6 /
_bL72
100 _a Litzenberger, Samuel C.
_941964
245 _aGuía para cultivos en los trópicos y los subtrópicos /
260 _aMexico :
_bAID,
_c1972
300 _a210 páginas
_c26 cm.
505 _aContenido: El ambiente tropical para la producción de cultivos -- Sistemas agrícolas para los trópicos y los subtrópicos -- Principios generales para mejorar la producción de cultivos en los trópicos y subtrópicos...
650 _aCereales
_922490
650 _aCultivos
_920217
650 _aSemillas
_921520
650 _aFibra
_941965
710 _aCENTRO REGIONAL DE AYUDA TÉCNICA
_910048
942 _2ddc
_cLIBROS
945 _aJavier